<?xml version='1.0' encoding='UTF-8'?>
  <record xmlns="http://www.loc.gov/MARC21/slim">
    <leader>00000cam a22000007i 4500</leader>
    <controlfield tag="001">ocm65741781</controlfield>
    <controlfield tag="003">OCoLC</controlfield>
    <controlfield tag="005">20250928122336.6</controlfield>
    <controlfield tag="008">900418m17551757ne            000 0 fre d</controlfield>
    <datafield tag="040" ind1=" " ind2=" ">
      <subfield code="a">NLGGC</subfield>
      <subfield code="b">dut</subfield>
      <subfield code="e">fobidrtb</subfield>
      <subfield code="c">NLGGC</subfield>
      <subfield code="d">OCLCL</subfield>
      <subfield code="d">OCLCQ</subfield>
    </datafield>
    <datafield tag="029" ind1="0" ind2=" ">
      <subfield code="a">NLGGC</subfield>
      <subfield code="b">084120894</subfield>
    </datafield>
    <datafield tag="035" ind1=" " ind2=" ">
      <subfield code="a">(OCoLC)65741781</subfield>
    </datafield>
    <datafield tag="100" ind1="1" ind2=" ">
      <subfield code="a">Clémencet, Cha.</subfield>
      <subfield code="q">(Charles),</subfield>
      <subfield code="d">1703-1778.</subfield>
      <subfield code="0">(NL-LeOCL)074784129</subfield>
    </datafield>
    <datafield tag="245" ind1="1" ind2="0">
      <subfield code="a">Histoire générale de Port-Roïal, depuis la reforme de l'abbaie jusqu'à son entiere destruction.</subfield>
    </datafield>
    <datafield tag="260" ind1=" " ind2=" ">
      <subfield code="a">A Amsterdam :</subfield>
      <subfield code="b">chez Jean Vanduren,</subfield>
      <subfield code="c">1755-1757.</subfield>
    </datafield>
    <datafield tag="300" ind1=" " ind2=" ">
      <subfield code="a">? :</subfield>
      <subfield code="b">10 dl. ;</subfield>
      <subfield code="c">in-8.</subfield>
    </datafield>
    <datafield tag="336" ind1=" " ind2=" ">
      <subfield code="a">tekst</subfield>
      <subfield code="b">txt</subfield>
      <subfield code="2">rdacontent/dut</subfield>
    </datafield>
    <datafield tag="337" ind1=" " ind2=" ">
      <subfield code="a">zonder medium</subfield>
      <subfield code="b">n</subfield>
      <subfield code="2">rdamedia/dut</subfield>
    </datafield>
    <datafield tag="338" ind1=" " ind2=" ">
      <subfield code="a">band</subfield>
      <subfield code="b">nc</subfield>
      <subfield code="2">rdacarrier/dut</subfield>
    </datafield>
    <datafield tag="500" ind1=" " ind2=" ">
      <subfield code="a">Auteur: Charles Clémencet.</subfield>
    </datafield>
    <datafield tag="504" ind1=" " ind2=" ">
      <subfield code="a">Met index.</subfield>
    </datafield>
    <datafield tag="530" ind1=" " ind2=" ">
      <subfield code="a">Titel is gedigitaliseerd voor de Koninklijke Bibliotheek in het kader van het Google Books-project.</subfield>
    </datafield>
    <datafield tag="700" ind1="1" ind2=" ">
      <subfield code="a">Vanduren, Jean</subfield>
      <subfield code="c">Amsterdam.</subfield>
      <subfield code="4">prt</subfield>
      <subfield code="0">(NL-LeOCL)112472990</subfield>
    </datafield>
    <datafield tag="776" ind1="0" ind2=" ">
      <subfield code="t">Histoire générale de Port-Roïal, depuis la reforme de l'abbaie jusqu'à son entiere destruction</subfield>
      <subfield code="w">(NL-LeOCL)398630895</subfield>
    </datafield>
    <datafield tag="856" ind1="4" ind2="2">
      <subfield code="y">Short Title Catalogue, Netherlands</subfield>
      <subfield code="u">http://resolver.kb.nl/resolve?urn=STCN:185518230:record</subfield>
      <subfield code="z">zie de oorspronkelijke beschrijving bij de STCN voor mogelijk overige vindplaatsen</subfield>
      <subfield code="7">0</subfield>
    </datafield>
    <datafield tag="936" ind1=" " ind2=" ">
      <subfield code="a">BATCHLOAD</subfield>
    </datafield>
  </record>